| 000 | 00507nam a22001577a 4500 | ||
|---|---|---|---|
| 003 | PILC | ||
| 005 | 20160525103648.0 | ||
| 008 | 160525b xxu||||| |||| 00| 0 eng d | ||
| 020 | _a9781680950205 | ||
| 050 |
_aTS 155 _b.In2 2015 |
||
| 245 |
_aIndustrial project management / _ceditors Sasha Smirnov and Sergey Ivanov. |
||
| 260 |
_aNew York : _bDelve Publishing, _c2015. |
||
| 300 |
_axi, 247 pages : _billustrations ; _c24 cm. |
||
| 500 | _aIncludes bibliographical references and index. | ||
| 942 |
_2lcc _cBK |
||
| 999 |
_c294977 _d294977 |
||